000 00630nam a2200217 u 4500
005 20250408063809.0
008 140825s1990 r 000 0 eng d
020 _a8472231291
035 _aUPN01000199081
049 _aCG
050 4 _aPQ6257 E7.6
_bA5.3
100 1 _aFernández Cubas, Cristina,
_d1945-
_935860
245 1 3 _aEl ángulo del horror /
_cCristina Fernández Cubas.
260 _aBarcelona, Esp, :
_bTusQuets,
_c1990.
300 _a160 p.
440 0 _aAndanzas ;
_v119
650 4 _aLiteratura española
_ySiglo XX
_95886
650 4 _aHORROR EN LA LITERATURA
_94138
905 _aLibro
999 _c171182
_d171182